DIAGNOSTIC AND STATISTICAL MANUAL OF MENTAL DISORDERS (Record no. 14524)

MARC details
000 -LEADER
fixed length control field 00345nam a22001457a 4500
003 - CONTROL NUMBER IDENTIFIER
control field SGT
082 ## - DEWEY DECIMAL CLASSIFICATION NUMBER
Classification number 616.89
Item number D17A
100 ## - MAIN ENTRY--PERSONAL NAME
Personal name AMERICAN PSYCHIATRIC ASS.
245 ## - TITLE STATEMENT
Title DIAGNOSTIC AND STATISTICAL MANUAL OF MENTAL DISORDERS
250 ## - EDITION STATEMENT
Edition statement 5TH
260 ## - PUBLICATION, DISTRIBUTION, ETC. (IMPRINT)
Place of publication, distribution, etc INDIA
Name of publisher, distributor, etc CBS
Year of Publication 2017
300 ## - PAGE DESCRIPTION
No. of Pages 947
650 ## - SUBJECT ADDED ENTRY--TOPICAL TERM
Topical term or geographic name as entry element PSYCHIATRY
942 ## - ADDED ENTRY ELEMENTS (KOHA)
Source of classification or shelving scheme Dewey Decimal Classification
Koha item type Books
942 ## - ADDED ENTRY ELEMENTS (KOHA)
-- 30
Holdings
Withdrawn status Lost status Source of classification or shelving scheme Damaged status Not for loan Collection code Home library Current library Shelving location Date acquired Vendor Name SGTU Bill Number Total Checkouts Total Renewals Full call number Accession No. (Barcode) Date last seen Date last borrowed Bill Date Koha item type
    Dewey Decimal Classification     MEDICAL SGT Engineering Library SGT Engineering Library Reference Book 15/01/2018 ABC DELHI SGTU 8707 56 2 616.89 D17A FM9314 04/05/2026 30/04/2026 08/07/2017 Books